Music Quiz

Random Music or Album Quiz

Hip-Hop Song, Artist, and Album Match Quiz Stats

 Plays Quiz Updated Aug 3, 2017

Support Sporcle.
Go Orange.
Score 0/24 Timer 06:00
7 Plays Today
% Correct
In Da Club
79.8%
Trap Queen
77%
Swimming Pools (Drank)
74.7%
Gin & Juice
74.1%
Super Bass
71.5%
Hard Knock Life (Ghetto Anthem)
70%
Ambitionz Az a Ridah
69.8%
Lollipop
68.9%
Mask Off
67.8%
Started from the Bottom
67%
The Way I Am
66.9%
C.R.E.A.M.
65.4%
% Correct
Hey Ya!
63.8%
Hypnotize
63.8%
All Falls Down
62.4%
Push It
60.2%
Day 'n' Nite
59.5%
Express Yourself
55.1%
The World Is Yours
52.4%
Party Up (Up in Here)
50.3%
Ride wit Me
46.3%
Walk This Way
31.4%
Tha Crossroads
30.9%
Intergalactic
30.6%

You're not logged in!

Compare scores with friends on all Sporcle quizzes.
OR
Log In
Forgot?

From the Vault

Bullseye Blitz: Geography!

by bhenderson79

We're betting the center of the bullseye is located in Bishkek.
Remove Ads.
Support Sporcle.
Get the best of Sporcle when you Go Orange. This ad-free experience offers more features, more stats, and more fun while also helping to support Sporcle. Thank you for becoming a member.

Show Comments

Extras

Top Quizzes Today


Score Distribution

Your Account Isn't Verified!

In order to create a playlist on Sporcle, you need to verify the email address you used during registration. Go to your Sporcle Settings to finish the process.

Report this User

Report this user for behavior that violates our Community Guidelines.

Details: